Monument (Record no. 350176)
[ view plain ]
| 000 -LEADER | |
|---|---|
| fixed length control field | 00914cam a2200289 4500 |
| 001 - CONTROL NUMBER | |
| control field | 2668676 |
| 003 - CONTROL NUMBER IDENTIFIER | |
| control field | OSt |
| 005 - DATE AND TIME OF LATEST TRANSACTION | |
| control field | 20180116183009.0 |
| 008 - FIXED-LENGTH DATA ELEMENTS--GENERAL INFORMATION | |
| fixed length control field | 740301r19741961nyu 000 1 eng |
| 010 ## - LIBRARY OF CONGRESS CONTROL NUMBER | |
| LC control number | 73011627 |
| 020 ## - INTERNATIONAL STANDARD BOOK NUMBER | |
| International Standard Book Number | 0385038313 |
| 040 ## - CATALOGING SOURCE | |
| Original cataloging agency | DLC |
| Transcribing agency | DLC |
| Modifying agency | DLC |
| 050 00 - LIBRARY OF CONGRESS CALL NUMBER | |
| Classification number | PZ4.B593 |
| Item number | Mo |
| Classification number | PS3552.I43 |
| 082 00 - DEWEY DECIMAL CLASSIFICATION NUMBER | |
| Classification number | 813/.5/4 BIG 1975 |
| 100 1# - MAIN ENTRY--PERSONAL NAME | |
| Personal name | Biggle, Lloyd, |
| Titles and words associated with a name | Jr., |
| Dates associated with a name | 1923-2002. |
| 245 10 - TITLE STATEMENT | |
| Title | Monument |
| Statement of responsibility, etc. | [by] Lloyd Biggle, Jr. |
| 250 ## - EDITION STATEMENT | |
| Edition statement | [1st ed.] |
| 260 ## - PUBLICATION, DISTRIBUTION, ETC. | |
| Place of publication, distribution, etc. | Garden City, N.Y., |
| Name of publisher, distributor, etc. | Doubleday, |
| Date of publication, distribution, etc. | 1974. |
| 300 ## - PHYSICAL DESCRIPTION | |
| Extent | 185 p. |
| Dimensions | 22 cm. |
| 350 ## - PRICE (NR) (BK AM CF MU VM SE) [OBSOLETE] | |
| Price | $4.95 |
| 490 0# - SERIES STATEMENT | |
| Series statement | Doubleday science fiction |
| 500 ## - GENERAL NOTE | |
| General note | "First published in Analog magazine, June 1961. Included in Analog 1, edited by John W. Campbell, Jr. ... 1963." |
| 655 #7 - INDEX TERM--GENRE/FORM | |
| Genre/form data or focus term | Science fiction. |
| Source of term | gsafd |
| 730 ## - ADDED ENTRY--UNIFORM TITLE | |
| Uniform title | Analog science fact & science fiction. |
| 906 ## - LOCAL DATA ELEMENT F, LDF (RLIN) | |
| a | 7 |
| b | cbc |
| c | orignew |
| d | 2 |
| e | ocip |
| f | 19 |
| g | y-gencatlg |
| 942 ## - ADDED ENTRY ELEMENTS (KOHA) | |
| Source of classification or shelving scheme | |
| Koha item type | Book |
| Withdrawn status | Lost status | Source of classification or shelving scheme | Damaged status | Not for loan | Collection code | Permanent Location | Current Location | Shelving location | Date acquired | Total Checkouts | Full call number | Barcode | Checked out | Date last seen | Date last checked out | Price effective from | Koha item type |
|---|---|---|---|---|---|---|---|---|---|---|---|---|---|---|---|---|---|
| Central Library (CL) | Central Library (CL) | Fiction | 08/26/2015 | 1 | 813/.5/4 BIG 1975 | NBSD-2105 | 10/06/2019 | 09/21/2019 | 09/21/2019 | 08/26/2015 | Book |
